Hacking exposed 7 : (Record no. 590402)

000 -LEADER
fixed length control field 01474cam a2200385 i 4500
001 - CONTROL NUMBER
control field 17464957
003 - CONTROL NUMBER IDENTIFIER
control field NUST
005 - DATE AND TIME OF LATEST TRANSACTION
control field 20220720134656.0
008 - FIXED-LENGTH DATA ELEMENTS--GENERAL INFORMATION
fixed length control field 120917t20122012nyua 000 0 eng
010 ## - LIBRARY OF CONGRESS CONTROL NUMBER
LC control number 2012028820
020 ## - INTERNATIONAL STANDARD BOOK NUMBER
International Standard Book Number 9780071780285 (alk. paper)
020 ## - INTERNATIONAL STANDARD BOOK NUMBER
International Standard Book Number 0071780289 (alk. paper)
040 ## - CATALOGING SOURCE
Original cataloging agency DLC
Language of cataloging eng
Transcribing agency DLC
Description conventions rda
Modifying agency DLC
042 ## - AUTHENTICATION CODE
Authentication code pcc
050 00 - LIBRARY OF CONGRESS CALL NUMBER
Classification number TK5105.59
Item number .M48 2012
082 00 - DEWEY DECIMAL CLASSIFICATION NUMBER
Classification number 005.8, MCC
Edition number 23
100 1# - MAIN ENTRY--PERSONAL NAME
Personal name McClure, Stuart.
9 (RLIN) 94084
240 10 - UNIFORM TITLE
Uniform title Hacking exposed
245 10 - TITLE STATEMENT
Title Hacking exposed 7 :
Remainder of title network security secrets & solutions /
Statement of responsibility, etc. Stuart McClure, Joel Scambray, George Kurtz.
264 #1 - PRODUCTION, PUBLICATION, DISTRIBUTION, MANUFACTURE, AND COPYRIGHT NOTICE
Place of production, publication, distribution, manufacture New York :
Name of producer, publisher, distributor, manufacturer McGraw-Hill,
Date of production, publication, distribution, manufacture, or copyright notice [2012]
264 #4 - PRODUCTION, PUBLICATION, DISTRIBUTION, MANUFACTURE, AND COPYRIGHT NOTICE
Date of production, publication, distribution, manufacture, or copyright notice ©2012
300 ## - PHYSICAL DESCRIPTION
Extent xxiv, 741 pages :
Other physical details illustrations ;
Dimensions 24 cm
336 ## - CONTENT TYPE
Content type term text
Source rdacontent
337 ## - MEDIA TYPE
Media type term unmediated
Source rdamedia
338 ## - CARRIER TYPE
Carrier type term volume
Source rdacarrier
505 ## - FORMATTED CONTENTS NOTE
Formatted contents note Part I Casing the Establishment (Page-1), Part II Endpoint and Server Hacking (Page-83), Part III Infrastructure Hacking (Page-313), Part IV Application and Data Hacking (Page-497), Part V Appendixes (Page-669).
650 #0 - SUBJECT ADDED ENTRY--TOPICAL TERM
Topical term or geographic name entry element Computer networks
General subdivision Security measures.
9 (RLIN) 466
650 #0 - SUBJECT ADDED ENTRY--TOPICAL TERM
Topical term or geographic name entry element Computer security.
9 (RLIN) 570
700 1# - ADDED ENTRY--PERSONAL NAME
Personal name Mcclure, Stuart.
9 (RLIN) 94085
700 1# - ADDED ENTRY--PERSONAL NAME
Personal name Scambray, Joel.
9 (RLIN) 94086
700 1# - ADDED ENTRY--PERSONAL NAME
Personal name Kurtz, George.
9 (RLIN) 94087
906 ## - LOCAL DATA ELEMENT F, LDF (RLIN)
a 7
b cbc
c orignew
d 1
e ecip
f 20
g y-gencatlg
942 ## - ADDED ENTRY ELEMENTS (KOHA)
Source of classification or shelving scheme
Koha item type Book
Holdings
Withdrawn status Lost status Source of classification or shelving scheme Damaged status Not for loan Permanent Location Current Location Shelving location Date acquired Full call number Barcode Date last seen Price effective from Koha item type Public note Total Checkouts Total Renewals Date last checked out
          Military College of Signals (MCS) Military College of Signals (MCS) Reference 07/20/2022 005.8,MCC MCS38638 07/20/2022 07/20/2022 Book Almirah Fresh No.43, Shelf No.6      
          Military College of Signals (MCS) Military College of Signals (MCS) Reference 07/20/2022 005.8,MCC MCS38639 07/20/2022 07/20/2022 Book Almirah Fresh No.43, Shelf No.6      
          Military College of Signals (MCS) Military College of Signals (MCS) General Stacks 07/20/2022 005.8,MCC MCS38640 04/06/2026 07/20/2022 Book Almirah Fresh No.43, Shelf No.6 7 1 03/04/2026
© 2023 Central Library, National University of Sciences and Technology. All Rights Reserved.